Reforming China's rural health system

Acknowledging the stupendous improvement in health care in China after the triumph of the Communist revolution in 1949, researchers from The World Bank explain that the country's needs have changed with the recent triumph of capitalism and here present the culmination of the Bank's analyti...

पूर्ण विवरण

में बचाया:
ग्रंथसूची विवरण
स्वरूप: पुस्तक
भाषा:Undetermined
प्रकाशित: Washington, D.C. World Bank 2009
विषय:
टैग : टैग जोड़ें
कोई टैग नहीं, इस रिकॉर्ड को टैग करने वाले पहले व्यक्ति बनें!
Thư viện lưu trữ: Trung tâm Học liệu Trường Đại học Cần Thơ
LEADER 01192nam a2200193Ia 4500
001 CTU_154157
008 210402s9999 xx 000 0 und d
082 |a 362.104257 
082 |b W135 
245 0 |a Reforming China's rural health system 
245 0 |c Adam Wagstaff ... [et al.] 
260 |a Washington, D.C. 
260 |b World Bank 
260 |c 2009 
520 |a Acknowledging the stupendous improvement in health care in China after the triumph of the Communist revolution in 1949, researchers from The World Bank explain that the country's needs have changed with the recent triumph of capitalism and here present the culmination of the Bank's analytic and advisory activities regarding China's rural health sector. They discuss China's health challenges now, the rural health reforms of the 2000s, the next decade, financing insurance coverage, improving service delivery as a question of incentives, enhancing accountability and incentives in public health, and the longer-term reform agenda. 
650 |a Rural health services,Health care reform,Insurance, health 
650 |z China,China,China 
904 |i Giang 
980 |a Trung tâm Học liệu Trường Đại học Cần Thơ